MARC details
| 000 -CABECERA |
| campo de control de longitud fija |
02236nam a2200325 u 4500 |
| 001 - NÚMERO DE CONTROL |
| campo de control |
000020642 |
| 003 - IDENTIFICADOR DEL NÚMERO DE CONTROL |
| campo de control |
OSt |
| 005 - FECHA Y HORA DE LA ÚLTIMA TRANSACCIÓN |
| campo de control |
20241130074013.0 |
| 008 - DATOS DE LONGITUD FIJA--INFORMACIÓN GENERAL |
| campo de control de longitud fija |
100812s2019 dr 000 0 spa d |
| 040 ## - FUENTE DE LA CATALOGACIÓN |
| Centro catalogador/agencia de origen |
DO-SdBNP |
| Lengua de catalogación |
spa |
| Centro/agencia transcriptor |
BNPHU |
| 082 #4 - NÚMERO DE LA CLASIFICACIÓN DECIMAL DEWEY |
| Número de clasificación |
709.7293 |
| Número de documento/Ítem |
B588n, 2015 |
| Número de edición |
22 |
| 111 2# - ENTRADA PRINCIPAL--NOMBRE DE CONGRESO/REUNIÓN |
| Nombre de congreso/reunión o jurisdicción como elemento de entrada |
Bienal Nacional de Artes Visuales |
| Número del congreso/reunión o número de parte o sección |
(28 : |
| Fecha del congreso/reunión |
2015 : |
| Sede del congreso/Lugar de la reunión |
Santo Domingo, República Dominicana) |
| 9 (RLIN) |
76637 |
| 245 10 - MENCIÓN DE TÍTULO |
| Título |
28 Bienal Nacional de Artes Visuales : |
| Resto del título |
dedicada a Fernando Peña Defilló / |
| Mención de responsabilidad, etc. |
texto, Odalís Pérez ... [et.al.] ; fotografía Mariano Hernández |
| 246 13 - FORMA VARIANTE DE TÍTULO |
| Título propio/Titulo breve |
Veintiocho Bienal Nacional de Artes Visuales |
| 246 13 - FORMA VARIANTE DE TÍTULO |
| Título propio/Titulo breve |
28 BNAV |
| 260 ## - PUBLICACIÓN, DISTRIBUCIÓN, ETC. |
| Lugar de publicación, distribución, etc. |
Santo Domingo : |
| Nombre del editor, distribuidor, etc. |
Museo de Arte Moderno, |
| Fecha de publicación, distribución, etc. |
2019. |
| 300 ## - DESCRIPCIÓN FÍSICA |
| Extensión |
410 p. : |
| Otras características físicas |
il., fots. ; |
| Dimensiones |
32 cm. |
| 500 ## - NOTA GENERAL |
| Nota general |
Dedicada a Fernando Peña Defilló. |
| 500 ## - NOTA GENERAL |
| Nota general |
Catálogo de obras expuestas en la 28 Bienal Nacional de Artes Visuales. |
| 505 ## - NOTA DE CONTENIDO CON FORMATO |
| Nota de contenido con formato |
Introducción |
| Mención de responsabilidad |
Maria Elena Ditrén -- |
| Título |
28 BNAV : Sueños y esperanzas de una bienal / |
| Mención de responsabilidad |
Odalís G. Pérez, jurado de seleción -- |
| Título |
Artista invitado -- |
| -- |
La vigésimo octava Bienal Nacional : Riqueza de enfoques y diversidad en las técnicas de las artes visuales / |
| Mención de responsabilidad |
Michélle Dalmace, jurado de premiación -- |
| Título |
Premios y menciones -- |
| -- |
Una bienal consensuada -- |
| Mención de responsabilidad |
Mayra Johnson, jurado de selección -- |
| Título |
28 Bienal de Artes Visuales : escenario de pluralidad y manifestación artística / |
| Mención de responsabilidad |
Amelia Soto, jurado de seleccion -- |
| Título |
Nuesta cultura, identidad y preocupaciones en Las Bienales XXVII / |
| Mención de responsabilidad |
Bingene Armenteros, curadora / jurado 27 BNAV -- |
| Título |
Pensar lo contemporáneo como ejercicio artístico / |
| Mención de responsabilidad |
Fidel Munnigh -- |
| Título |
Los medios no tradicionales en el arte dominicano / |
| Mención de responsabilidad |
Plinio Chahín -- |
| Título |
Obras seleccionadas -- |
| -- |
Índice de artistas-- |
| -- |
CVS Artistas -- |
| -- |
Premios de Bienales (1942-2015) -- |
| -- |
traducciones -- |
| 590 ## - NOTA LOCAL (RLIN) |
| Nota local |
Inventariado, 2020/VM |
| 650 #4 - PUNTO DE ACCESO ADICIONAL DE MATERIA--TÉRMINO DE MATERIA |
| Término de materia o nombre geográfico como elemento de entrada |
Arte dominicano |
| Subdivisión cronológica |
Siglo XX |
| Subdivisión de forma |
Exposiciones |
| 9 (RLIN) |
76639 |
| 650 #7 - PUNTO DE ACCESO ADICIONAL DE MATERIA--TÉRMINO DE MATERIA |
| Término de materia o nombre geográfico como elemento de entrada |
Artistas plásticos dominicanos |
| 9 (RLIN) |
76641 |
| 650 #7 - PUNTO DE ACCESO ADICIONAL DE MATERIA--TÉRMINO DE MATERIA |
| Término de materia o nombre geográfico como elemento de entrada |
Instalaciones (Arte) |
| Subdivisión cronológica |
Siglo XX |
| Subdivisión de forma |
Exposiciones |
| 9 (RLIN) |
78498 |
| 700 1# - PUNTO DE ACCESO ADICIONAL--NOMBRE DE PERSONA |
| Nombre de persona |
Pérez, Odalís |
| Fechas asociadas al nombre |
1952- |
| 9 (RLIN) |
23828 |
| 700 1# - PUNTO DE ACCESO ADICIONAL--NOMBRE DE PERSONA |
| Nombre de persona |
Hernández, Mariano |
| Término indicativo de función/relación |
fotografías |
| 9 (RLIN) |
59875 |
| 710 2# - PUNTO DE ACCESO ADICIONAL--NOMBRE DE ENTIDAD CORPORATIVA |
| Nombre de entidad corporativa o nombre de jurisdicción como elemento de entrada |
Museo de Arte Moderno (República Dominicana) |
| 9 (RLIN) |
54941 |
| 942 ## - ELEMENTOS DE PUNTO DE ACCESO ADICIONAL (KOHA) |
| Fuente del sistema de clasificación o colocación |
Dewey Decimal Classification |
| Tipo de ítem Koha |
Libros y folletos |
| 956 ## - LOCALIZACIÓN Y ACCESO ELECTRÓNICOS LOCAL (OCLC) |
| Nombre del host |
VMateo |